| 000 | 00587nam a2200193 i 4500 | ||
|---|---|---|---|
| 001 | 149853 | ||
| 003 | ES-MaACL | ||
| 005 | 20250722131826.0 | ||
| 007 | t| | ||
| 008 | 071024s1970 sp ||||1| spa d | ||
| 100 | 1 |
_aValynseele, Joseph. _9113027 |
|
| 245 | 1 | 4 |
_aLos pretendientes a los tronos de Europa / _cJoseph Valynseele ; [versión B. Losada]. |
| 250 | _a[1ª ed.]. | ||
| 260 |
_aBarcelona : _bLuis de Caralt, _c1970. |
||
| 300 |
_a501 p. : _bil. ; _c22 cm. |
||
| 700 | 1 |
_aLosada, Basilio, _d1930- _974251 |
|
| 852 |
_aES-MaACL _jC-38459 _bR.73837 |
||
| 999 |
_c149853 _d149853 |
||